000 00675nam a22002057a 4500
005 20251108175002.0
008 250721s2011 xx 000 0 ara d
082 1 4 _a658.409/طرا
100 1 _aالطراونة، عمر
_eمؤلف
245 1 0 _aالمستشار في الإشراف الفعال للمدراء /
264 1 _aعمان :
_bدار البداية ناشرون و موزعون،
_c2011.
300 _a304ص.
650 1 7 _aالاشراف على الموظفين
650 1 7 _aالرقابة الإدارية
650 1 7 _aالادارة
650 1 7 _aمهارات الاتصال
650 1 7 _aالمهارات
942 _2ddc
_cBK
999 _c123189
_d123189